Score 0/25 Timer 10:00
2 Plays Today
% Correct
You owe money to a dog?
86.7%
And fresh butts.
86%
You're holding hands with everything I've ever eaten.
84.4%
And yes, I'm including starving children, so don't ask.
82.6%
You have to leave your feelings in the locker.
82.6%
But I spell it R-U-T-H.
82.2%
They'd be called 'duderuses.'
81.9%
I'm starting to breathe in Tina's breath.
81.7%
Tell that to my vagina!
81.2%
No. My butt is dry. And strong.
81%
She'll wear down your self-esteem over a period of years.
80.9%
We'll cut you.
80.7%
Aren't they? Random strangers shedding skin cells all over the house..
80.2%
% Correct
Christmas gift for Dad!
80.2%
I don't know. They're so condescending.
79.3%
It comes with candy. Get it?
79%
Get it? I'm kidding. She died.
78.8%
That one, where I went.
77.9%
Just think of them as cute little rumps.
77.6%
No wonder no one does that.
77.3%
Ignore it? I named it. Jezebel.
77.1%
This isn't the bible!
76.2%
Hey You, I Saw That! Put It Back!
70.1%
Into a ninja star!
68.9%
Why do we keep making them?
67.7%
Remove Ads.
Support Sporcle.
Get the best of Sporcle when you Go Orange. This ad-free experience offers more features, more stats, and more fun while also helping to support Sporcle. Thank you for becoming a member.

You're not logged in!

Compare scores with friends on all Sporcle quizzes.
OR
Log In

Sporcle TV

Today on Sporcle TV


Watch our educational content, quiz creation guides, and fun videos on Sporcle TV.

Show Comments

Extras

Top Quizzes Today


Score Distribution

Paid Content

Your Account Isn't Verified!

In order to create a playlist on Sporcle, you need to verify the email address you used during registration. Go to your Sporcle Settings to finish the process.

Report this User

Report this user for behavior that violates our Community Guidelines.

Details: